000 00310nam a22001337a 4500
008 180130b xxu||||| |||| 00| 0 eng d
020 _a9780632045426
041 _aeng
080 _a617
100 _a8
101 _aOFT
245 _aManual for eye examination and diagnosis
_cLeitman,M.W
942 _2udc
_cBK
999 _c41300
_d41300